000
00296nmm a2200097Ia 4500
008
220120s9999||||xx |||||||||||||||||und||
020
_a
9971-51-394-3
100
_a
Digit
245
0
_a
January 2011 : Linux distro debian 5, lego digiutal designer
260
_a
Nine dot nine interactive ltd.
_b
New York
999
_c
139647
_d
139647